Statistics for Heart - 1

Click here to take the quiz!

General Stats

  • This quiz has been taken 5 times
  • The average score is 6 of 15

Answer Stats

HintAnswer% Correct
Which artery left/right is more likely to supply SA and AV nodes, with a percentage likelihood of 60% and 90% respectively?Right
100%
On the right side of the heart which costal cartilage does it begin?3rd
67%
Which does it end?6th
67%
There are three other main cardiac veins referred to as middle, small and which other?Great
67%
What is the name for the triangular muscular projection that comes of the right atrium?Auricle
33%
The lower part of the pericardium is fused with the diaphragm, but which specific part?Central tendon
33%
Whereas the left gives off the anterior interventricular and the?Circumflex
33%
What is the main vein for returning blood from the heart muscle?Coronary sinus
33%
What is the name for the smooth patch which in fetal life was originally a right to left shunt?Fossa ovalis
33%
What is the name for the space between the pulmonary veins and behind the left atrium?Oblique sinus
33%
The valves of the heart line up behind the sternum, from top to bottom using initials what order do they go in?PAMT
33%
What nerve supplies the pericardium?Phrenic
33%
The right coronary artery gives off two main arteries the marginal, and wha other?Posterior interventricular
33%
What is the name for the space within the pericardial sac between the arterial and venous ends of the heart?Transverse sinus
33%
The smooth walled part of the right atrium has a fetal origin what is it called?Sinus venosus
0%

Score Distribution

Percentile by Number Answered

Percent of People with Each Score

Your Score History

You have not taken this quiz